000
00178nam a2200073Ia 4500
008
170817s9999 xx 000 0 und d
100
_a
BIPIN ASTHANA
245
0
_a
ADHIGAM KE LIYE ANKLAN
260
_b
AGARWAL PUB .
999
_c
39906
_d
39906